គណិតវិទ្យា ថ្នាក់ទី១ / (Record no. 9148)
[ view plain ]
| 000 -LEADER | |
|---|---|
| fixed length control field | 01576nam a22002537a 4500 |
| 001 - CONTROL NUMBER | |
| control field | 9148 |
| 003 - CONTROL NUMBER IDENTIFIER | |
| control field | FISKH |
| 005 - DATE AND TIME OF LATEST TRANSACTION | |
| control field | 20251126082718.0 |
| 008 - FIXED-LENGTH DATA ELEMENTS--GENERAL INFORMATION | |
| fixed length control field | 251126b cb ||||| |||| 00| 0 eng d |
| 020 ## - INTERNATIONAL STANDARD BOOK NUMBER | |
| International Standard Book Number | 9789995001933 |
| 040 ## - CATALOGING SOURCE | |
| Original cataloging agency | FISKH |
| Language of cataloging | khr |
| Transcribing agency | FISKH |
| Modifying agency | FISKH |
| 082 ## - DEWEY DECIMAL CLASSIFICATION NUMBER | |
| Classification number | 510 |
| 100 ## - MAIN ENTRY--PERSONAL NAME | |
| Personal name | Somony, Ouk |
| 245 ## - TITLE STATEMENT | |
| Title | គណិតវិទ្យា ថ្នាក់ទី១ / |
| Statement of responsibility, etc. | គណះកម្មការនិពន្ធ លោកស្រី អ៊ុក សុមនី , លោក ព្រំ វិបុល , លោក ព្រំ ងួន , លោកស្រី អន នីថា និង លោក ប៊ូ ដន |
| 260 ## - PUBLICATION, DISTRIBUTION, ETC. | |
| Place of publication, distribution, etc. | ភ្នំពេញ : |
| Name of publisher, distributor, etc. | គ្រឹះស្ថានបោះពុម្ពនិងចែកផ្សាយ , |
| Date of publication, distribution, etc. | ២០២២ . |
| 300 ## - PHYSICAL DESCRIPTION | |
| Extent | 92 pages : |
| Other physical details | illustrations ; |
| Dimensions | 25 cm . |
| 520 ## - SUMMARY, ETC. | |
| Summary, etc. | សៀវភៅគណិតវិទ្យាសម្រាប់សិស្សថ្នាក់ទី១ថ្មីនេះ រួមមាន៥ផ្នែក សិក្សាអំពី ចំនួន រង្វាស់រង្វាល់ ធរណីមាត្រ ស្ថិតិ និង លំនាំគំរូ ។ |
| 520 ## - SUMMARY, ETC. | |
| Summary, etc. | “This new Grade 1 mathematics book contains five sections covering Numbers, Measurement, Geometry, Statistics, and Patterns.” |
| 650 ## - SUBJECT ADDED ENTRY--TOPICAL TERM | |
| Topical term or geographic name entry element | ការរាប់លេខ |
| Form subdivision | គណិតវិទ្យា |
| 650 ## - SUBJECT ADDED ENTRY--TOPICAL TERM | |
| Topical term or geographic name entry element | Counting numbers |
| Form subdivision | Mathematics |
| 700 ## - ADDED ENTRY--PERSONAL NAME | |
| Personal name | Cheat, Ton |
| Relator term | Illustrator |
| 942 ## - ADDED ENTRY ELEMENTS (KOHA) | |
| Source of classification or shelving scheme | Dewey Decimal Classification |
| Koha item type | Khmer Books |
| Suppress in OPAC | No |
| Withdrawn status | Lost status | Source of classification or shelving scheme | Damaged status | Not for loan | Collection | Home library | Current library | Shelving location | Date acquired | Total Checkouts | Full call number | Barcode | Date last seen | Copy number | Price effective from | Koha item type |
|---|---|---|---|---|---|---|---|---|---|---|---|---|---|---|---|---|
| Dewey Decimal Classification | Reference | Footprints International School Library Network Toul Tom Poung Campus | Footprints International School Library Network Toul Tom Poung Campus | Librarian's Shelf TTP | 11/26/2025 | SOM 510 | 2025-4905 | 11/26/2025 | 1 | 11/26/2025 | Khmer Books | |||||
| Dewey Decimal Classification | Reference | Footprints International School Library Network Toul Tom Poung Campus | Footprints International School Library Network Toul Tom Poung Campus | Librarian's Shelf TTP | 11/26/2025 | SOM 510 | 2025-4911 | 11/26/2025 | 2 | 11/26/2025 | Khmer Books |
